Η γυναικεία απασχόληση ή εργασία στην Ελλάδα : κύριες τάσεις και κατευθύνσεις της μεταπολεμικής βιβλιογραφίας

Αποθηκεύτηκε σε:
Λεπτομέρειες βιβλιογραφικής εγγραφής
Κύριος συγγραφέας: Θανοπούλου, Μαρία
Συγγραφή απο Οργανισμό/Αρχή: Εθνικό Κέντρο Κοινωνικών Ερευνών
Μορφή: Βιβλίο
Γλώσσα:Greek
Δημοσίευση: Αθήνα : ΕΚΚΕ, 1992
Σειρά:Ερευνα για τα κοινωνικά χαρακτηριστικά της απασχόλησης ; ; μελέτη iv
Θέματα:
Ετικέτες: Προσθήκη ετικέτας
Δεν υπάρχουν, Καταχωρήστε ετικέτα πρώτοι!

MARC

LEADER 00000cam a2200000 i 4500
001 1/15339
008 970207s1992 gre d
020 |z 980-7093-29-1 
035 |l 10019785 
040 |a GR-MY-UA  |b gre  |e aacr 
041 0 |a gre 
082 0 |a 331.409495 
100 1 |a Θανοπούλου, Μαρία. 
110 2 |a Εθνικό Κέντρο Κοινωνικών Ερευνών. 
245 1 2 |a Η γυναικεία απασχόληση ή εργασία στην Ελλάδα :  |b κύριες τάσεις και κατευθύνσεις της μεταπολεμικής βιβλιογραφίας /  |c Μαρία Θανοπούλου 
260 |a Αθήνα :   |b ΕΚΚΕ,   |c 1992 
300 |a 118 σ. 
490 1 |a Ερευνα για τα κοινωνικά χαρακτηριστικά της απασχόλησης  |v ; μελέτη iv 
500 |a Περιέχει βιβλιογραφία 
650 0 0 |a Women  |x Employment  |z Greece. 
830 0 |a Ερευνα για τα κοινωνικά χαρακτηριστικά της απασχόλησης ;  |v ; μελέτη iv 
852 |a INST  |b CHIOS  |e 19970207  |h 305.409495 ΘΑΝ  |p 005200010714  |q 005200010714  |t BK  |y 0 
852 |a INST  |b LESVOS  |e 19980604  |h 331.409495 ΘΑΝ  |p 005100013605  |q 005100013605  |t BK  |y 0 
901 |a BIBL1-1998-2 
909 |a Λ  |b 057113 
909 |a Χ  |b 048095 
922 |a 1ΕΛΗ  |b 199805  |c ΚΠΣ/ΤΚ  |d Emvassis 
950 |a 103-1998-02-03 
970 |z 2000/06/Οικονομοπούλου Χριστίνα